000 00740cam a2200217 4500
999 _c129894
_d129894
005 20180219112118.0
008 050125s2001 mx 000 0 spa u
020 _a9700729133
050 0 4 _aKGF4350
_bO76 2001
100 1 _aOrozco Gómez, Javier,
_dautor
245 1 3 _aEl Marco jurídico de los medios electrónicos /
_cJavier Orozco Gómez ; prólogo David M. Vega Vera.
250 _aPrimera edición
260 _aMéxico :
_bPorrúa,
_c2001
300 _axv, 419 páginas;
_c23 cm.
506 _aFOMES 2003
650 7 _2lemb
_aMedios de comunicación de masas
_xLegislación
_zMéxico
650 7 _2lemb
_aLibertad de información
_xLegislación
_zMéxico
700 1 _aVega Vera, David M.,
_eprólogo
942 _2lcc
_cLIB